| 000 | 01702cam a22004335i 4500 | ||
|---|---|---|---|
| 001 | 23914859 | ||
| 003 | OSt | ||
| 005 | 20250702151236.0 | ||
| 008 | 240710s2024 ii ab b 001 0 eng d | ||
| 010 | _a 2024366546 | ||
| 020 |
_a9789393631947 _q(hardback) |
||
| 020 | _a9393631948 | ||
| 025 | _aI-E-2024366546; 69-27; 85-27 | ||
| 035 | _a23914859 | ||
| 035 | _a(OCoLC)1445793993 | ||
| 037 | _bLibrary of Congress -- New Delhi Overseas Office | ||
| 040 |
_aDKAGE _beng _erda _cDKAGE _dOCLCO _dDLC |
||
| 042 |
_alccopycat _alcode |
||
| 043 | _aa-ii--- | ||
| 050 | 0 | 4 |
_aHV6545.35 _b.B57 2024 |
| 082 | 0 | 4 |
_a362.28088630954133 _bBIS/A |
| 100 |
_aBiswal, Debendra Kumar, _eauthor. _910594 |
||
| 245 | 1 | 0 |
_aAnthropology of farmers suicide and public policy : _borigin of sense of defeat / _cDr. Debendra Kumar Biswal. |
| 250 | _aFirst edition. | ||
| 264 | 1 |
_aNew Delhi : _bOxford Publishers & Distributors, _c2024. |
|
| 300 |
_avi, 134 pages : _billustrations (black and white), 1 map (black and white) ; _c25 cm |
||
| 336 |
_atext _btxt _2rdacontent |
||
| 337 |
_aunmediated _bn _2rdamedia |
||
| 338 |
_avolume _bnc _2rdacarrier |
||
| 504 | _aIncludes bibliographical references (pages 123-131) and index. | ||
| 650 | 0 |
_aFarmers _xSuicidal behavior _zIndia _zOdisha. |
|
| 650 | 0 |
_aFarmers _zIndia _zOdisha _xEconomic conditions. |
|
| 650 | 0 |
_aAgriculture and state _zIndia _zOdisha. |
|
| 650 | 6 |
_aAgriculteurs _xComportement suicidaire _zInde _zOdisha. |
|
| 650 | 6 |
_aPolitique agricole _zInde _zOdisha. |
|
| 906 |
_a7 _bpar _ccopycat _d3 _encip _f20 _gy-gencatlg |
||
| 942 |
_2ddc _cBK _h362.28088630954133 _iBIS/A _k362.28088630954133 _mBIS/A |
||
| 999 |
_c44600 _d44600 |
||